Statistics for 10 Longest Rivers in India

Click here to take the quiz!

General Stats

  • This quiz has been taken 26 times
  • The average score is 6 of 10

Answer Stats

River % Correct
Ganges
100%
Indus
90%
Brahmaputra
90%
Yamuna
86%
Godavari
67%
Narmada
67%
Krishna
57%
Sutlej
33%
Yarlung Tsangpo
19%
Gadilam
14%

Score Distribution

Percentile by Number Answered

Percent of People with Each Score

Your Score History

You have not taken this quiz